00923nam a2200289 i 4500003001000000005001700010007000300027008004100030020001500071040003500086041000800121084001100129100002600140245007400166250001100240264003200251300003800283336002700321337003300348338002800381650002900409650004700438650004700485650003100532650004400563700002600607CO-BoRNBP20230601200805.0ta200414s9999 XX 000 0 und d a9802570257 aCO-BoRNBPbspaerdacCO-BoRNBP aspa aC DEP11 adePaola, Tomie, 1934- 0aUn pasito... y otro pasito /c escrito e ilustrado por Tomie de Paola a9a ed. 1aCaracas :b Ekaré,c 2007 a48 páginas :b il. col. :b il. atextobtxt2rdacontent asin mediaciónbn2rdamedia avolumenbnc2rdacarrier17aAmistad - cuento2ARMARC17aAutores estadounidenses - siglo XX2ARMARC17aCuentos infantiles estadounidenses2ARMARC17aDesde los 6 años2ARMARC17aRelacion abuelo-nietos - cuento2ARMARC adePaola, Tomie, 1934-